=LDR 00000nam 2200000 4500 =001 INLIS000000000001089 =005 20130612085512 =008 ***********************************Ind** =035 ##$$0010-061300000001089 =041 ##$$a Ind =082 ##$$a 372.3 =090 ##$$a 372.3, Toa-k =100 ##$$a TOSIN, Rijanto =245 ##$$a Komputer aku, komputer kamu, oleh Rijanto Tosin =260 ##$$a 1997 $b Jakarta =300 ##$$a ...jil, ilus, 27 cm =650 ##$$a PENDIDIKAN DASAR =650 ##$$a KOMPUTER =850 ##$$a NBPNMAT